Z Košíc do Bristolu len za 19,90 € nízkonákladová aerolinka spustila novú pravidelnú linku

Podrobná bibliografia
Hlavný autor: Kovář, Zdeněk (Autor)
Médium: Článok
Jazyk:slovenčina
Fyzický popis:Fotogr., 1 mapa
ISSN:1335-4655
Predmet:

MARC

LEADER 00000nab a2200000 ar4500
001 vtls011469645
003 SK-MaSNL
005 20260304165644.0
008 160129c20151012xo mr|p|||||||000 b|slo
038 |a SNSK 
040 |b slo  |c SNSK  |e AACR2 
041 |a slo 
044 |a xo  |c SK 
080 |a 625.717  |x (437.671)  |2 2001 
080 |a 656.022.1  |x (437.671+420+450)  |2 2001 
100 1 |a Kovář, Zdeněk  |4 aut  |9 266642 
245 1 0 |a Z Košíc do Bristolu len za 19,90 €  |b nízkonákladová aerolinka spustila novú pravidelnú linku  |c Zdeněk, Kovář, foto: laz 
300 |b Fotogr.,  |e 1 mapa 
610 2 7 |a Letisko (Košice, Slovensko)  |2 snsk  |9 29622 
650 0 7 |a letecké linky  |2 snsk  |9 1087380 
650 0 7 |a nízkonákladová letecká doprava  |2 snsk  |9 1032930 
651 7 |a Košice (Slovensko)  |2 snsk  |9 18694 
651 7 |a Sheffield (Anglicko)  |2 snsk  |9 29932 
651 7 |a Bristol (Anglicko)  |2 snsk  |9 106462 
651 7 |a Londýn (Anglicko)  |2 snsk  |9 14622 
651 7 |a Bergamo (Taliansko)  |2 snsk  |9 88593 
651 7 |a Miláno (Taliansko)  |2 snsk  |9 17071 
773 0 |t Nový Čas  |g Roč. 25, č. 235 (12.10.2015), s. 6-7  |x 1335-4655 
852 |a SNSK  |b KIS3GCP 
999 |c 2985143  |d 2987073